A Political Economy of Lebanon, 1948-2002 : The Limits of Laissez-faire /
This book is about the laissez-faire strategy for economic development, a strategy inspired by neoclassical/mainstream economics, advocated by the "Washington Consensus", and implemented by the Bretton Woods institutions. Mainstream economics has taken legitimacy from the historical failur...
المؤلف الرئيسي:
التنسيق: كتاب الكتروني
اللغة: English
منشور في:
Leiden; Boston :
BRILL,
2004.
سلاسل:
Social, Economic and Political Studies of the Middle East and Asia ;
92.
Brill Book Archive Part 1, ISBN: 9789004472495.
الموضوعات:
الوصول للمادة أونلاين: Login to view Source
الوسوم: إضافة وسم
رقم الطلب: HC415.24
| LEADER | 02870nam a22004938i 4500 | ||
|---|---|---|---|
| 001 | BRILL9789047402572 | ||
| 003 | nllekb | ||
| 005 | 20211118222301.0 | ||
| 006 | m d | ||
| 007 | cr un uuuua | ||
| 008 | 200716s2004 ne sb 001 0 eng d | ||
| 020 | |a 9789047402572 |q (electronic book) | ||
| 020 | |a 9789004132597 |q (print) | ||
| 024 | 7 | |a 10.1163/9789047402572 |2 DOI | |
| 035 | |a (OCoLC)60876446 | ||
| 040 | |a NL-LeKB |c NL-LeKB |e rda | ||
| 050 | 4 | |a HC415.24 | |
| 072 | 7 | |a JH |2 bicssc | |
| 072 | 7 | |a SOC |x 026000 | |
| 072 | 7 | |a SOC |x 002000 | |
| 082 | 0 | 4 | |a 330.95692/043 |2 23 |
| 100 | 1 | |a Gaspard, Toufic, |e author. | |
| 245 | 1 | 2 | |a A Political Economy of Lebanon, 1948-2002 : |b The Limits of Laissez-faire / |c Toufic Gaspard. |
| 246 | 3 | |a The Limits of Laissez-faire | |
| 264 | 1 | |a Leiden; |a Boston : |b BRILL, |c 2004. | |
| 300 | |a 1 online resource. | ||
| 336 | |a text |b txt |2 rdacontent | ||
| 337 | |a computer |b c |2 rdamedia | ||
| 338 | |a online resource |2 rdacarrier | ||
| 490 | 1 | |a Social, Economic and Political Studies of the Middle East and Asia ; |v 92 | |
| 490 | 1 | |a Brill Book Archive Part 1, ISBN: 9789004472495 | |
| 504 | |a Includes bibliographical references and index. | ||
| 520 | |a This book is about the laissez-faire strategy for economic development, a strategy inspired by neoclassical/mainstream economics, advocated by the "Washington Consensus", and implemented by the Bretton Woods institutions. Mainstream economics has taken legitimacy from the historical failure of command economies. But this view has not been balanced by an examination of the performance of laissez-faire economies, the closest to the pure market model. Lebanon provides a unique test case in this regard. The book assesses Lebanon's development during 1948-2002, including its industrial and financial performance. The dynamics of the laissez-faire system is separately studied from a Post-Keynesian perspective, highlighting institutional behavior. It is found that laissez-faire is not a sufficient condition for economic development, and can even be counterproductive. | ||
| 588 | |a Description based on print version record. | ||
| 650 | 0 | |a Economic development |x Political aspects |z Lebanon |x History |y 20th century. | |
| 650 | 0 | |a Economic development |x Political aspects. | |
| 650 | 0 | |a Economic history. | |
| 776 | 0 | 8 | |i Print version: |t A Political Economy of Lebanon, 1948-2002 : The Limits of Laissez-faire. |d Leiden ; Boston : BRILL, 2004 |z 9789004132597 |w (DLC) 2003060373 |w (OCoLC)1023065824 |
| 830 | 0 | |a Social, Economic and Political Studies of the Middle East and Asia ; |v 92. | |
| 830 | 0 | |a Brill Book Archive Part 1, ISBN: 9789004472495. | |
| 856 | 4 | |z DOI: |u http://dx.doi.org/10.1163/9789047402572 | |
| 942 | |2 lcc |c EBOOK | ||
| 952 | |0 0 |1 0 |2 lcc |4 0 |7 1 |9 23003 |a BRILL |b BRILL |d 2021-11-18 |l 0 |r 2021-11-18 00:00:00 |w 2021-11-18 |y EBOOK | ||
| 999 | |c 40477 |d 40477 | ||
